Provincias españolas - Ahorcado #5 - Estadísticas

Estadísticas generales
  • Esta prueba ha sido intentada 261 veces
  • La puntuación promedio es 4 de 5
Estadísticas de respuestas
Respuesta % Correcto
#1 Á
100%
#1 A
100%
#1 A
100%
#2 Á
100%
#2 A
100%
#3 Á
97%
#4 A
95%
#2 V
94%
#2 I
91%
#2 L
91%
#1 V
75%
#1 L
73%
#3 C
60%
#3 D
54%
#3 I
54%
#3 Z
54%
#4 I
31%
#4 O
31%
#4 R
28%
#4 S
28%
No se encontraron pruebas coincidentes
Distribución de puntuación
Porcentaje de gente con cada puntuación
Porcentaje por número respondido
Historial de tus puntuaciones
No has intentado esta prueba.